000
00318nam a2200145Ia 4500
100
_a
Theraja/B.L.
650
_a
Physics
942
_c
BK
654
_a
Physics
245
_a
Textbook of Engineering Physics
260
_b
S.Chand and Co.
_a
New Delhi
_c
1984
082
_a
530
_b
THE
300
_a
776
546
_a
ENGLISH
999
_c
29835
_d
29835